Welcome to CU Library Online Public Access Catalogue (OPAC)

Indigenous communication in Africa : (Record no. 2329)

MARC details
000 -LEADER
fixed length control field 00829cam a2200205 a 4500
001 - CONTROL NUMBER
control field 14026358
005 - DATE AND TIME OF LATEST TRANSACTION
control field 20241216182714.0
008 - FIXED-LENGTH DATA ELEMENTS--GENERAL INFORMATION
fixed length control field 050706s2005 gh b f001 0 eng
020 ## - INTERNATIONAL STANDARD BOOK NUMBER
International Standard Book Number 9964303068
050 00 - LIBRARY OF CONGRESS CALL NUMBER
Classification number P94.65.A35
Item number I54 2005
245 00 - TITLE STATEMENT
Title Indigenous communication in Africa :
Remainder of title concept, applications, and prospects /
Statement of responsibility, etc. edited by Kwasi Ansu-Kyeremeh.
260 ## - PUBLICATION, DISTRIBUTION, ETC.
Place of publication, distribution, etc. Accra :
Name of publisher, distributor, etc. Ghana Universities Press ;
Place of publication, distribution, etc. Oxford, UK :
Name of publisher, distributor, etc. Distributed in Europe and North America by African Books Collective,
Date of publication, distribution, etc. 2005.
300 ## - PHYSICAL DESCRIPTION
Extent 282 p. ;
Dimensions 22 cm.
650 #0 - SUBJECT ADDED ENTRY--TOPICAL TERM
Topical term or geographic name entry element Communication and culture
Geographic subdivision Africa.
650 #0 - SUBJECT ADDED ENTRY--TOPICAL TERM
Topical term or geographic name entry element Indigenous peoples and mass media
Geographic subdivision Africa.
650 #0 - SUBJECT ADDED ENTRY--TOPICAL TERM
Topical term or geographic name entry element Indigenous peoples
Geographic subdivision Africa
General subdivision Social life and customs.
650 #0 - SUBJECT ADDED ENTRY--TOPICAL TERM
Topical term or geographic name entry element Communication in community development
Geographic subdivision Africa.
700 1# - ADDED ENTRY--PERSONAL NAME
Personal name Ansu-Kyeremeh, Kwasi.
942 ## - ADDED ENTRY ELEMENTS (KOHA)
Source of classification or shelving scheme Library of Congress Classification
Koha item type Books
Suppress in OPAC No
999 ## -
-- 2329
-- 2329
Holdings
Withdrawn status Lost status Source of classification or shelving scheme Damaged status Not for loan Collection Home library Current library Shelving location Date acquired Total checkouts Full call number Barcode Date last seen Copy number Price effective from Koha item type
    Library of Congress Classification     Non-fiction Business Library (Miotso) Business Library (Miotso) General stacks 04/22/2026   P94.65 IND BSSM00003559 04/22/2026 1 04/22/2026 Books
    Library of Congress Classification     Non-fiction Business Library (Miotso) Business Library (Miotso) General stacks 04/22/2026   P94.65 IND BSSM00003560 04/22/2026 2 04/22/2026 Books
    Library of Congress Classification     Non-fiction Business Library (Miotso) Business Library (Miotso) General stacks 04/22/2026   P94.65 IND BSSM00003561 04/22/2026 3 04/22/2026 Books
    Library of Congress Classification     Non-fiction Business Library (Miotso) Business Library (Miotso) General stacks 04/22/2026   P94.65 IND BSSM00003562 04/22/2026 4 04/22/2026 Books
    Library of Congress Classification     Non-fiction Business Library (Miotso) Business Library (Miotso) General stacks 04/22/2026   P94.65 IND BSSM00003563 04/22/2026 5 04/22/2026 Books
    Library of Congress Classification     Non-fiction Undergraduate Library (Christ Temple) Undergraduate Library (Christ Temple) General stacks 12/16/2024   P 94.65 IND ulct00000657 12/16/2024 1 12/16/2024 Books
    Library of Congress Classification     Non-fiction Undergraduate Library (Christ Temple) Undergraduate Library (Christ Temple) General stacks 09/12/2025   HN780 ANS ulct00004747 09/12/2025 1 09/12/2025 Books
© 2023-2024 Copyright: Central University Libraries. All Rights Reserved | Created by: Mahone Tech Office